000 00845nmm a2200265 a 4500
001 ocm0001083787
003 TR-IsHL
005 20201028151744.0
008 150709s2015 tu tur
007 cr cn
020 _a9786059057219
035 _a1083787
_b(N$T)
050 0 4 _aPL248.E772
_bD34 2015
090 0 4 _aPL248.E772
_bD34 2015
100 1 _aErsan, Nihal
245 1 0 _aDahilere zincir vurulmaz
_h[electronic resource] /
_cNihal Ersan
260 _aİstanbul :
_bMola Kitap,
_c2015
300 _a119 p.
650 4 _aFelsefe, Psikoloji ve Din
650 4 _aPhilosophy, Psychology and Religion
650 0 _aTürk romanı
650 0 _aTurkish fiction
650 7 _aLITERARY COLLECTIONS / Middle Eastern
_2bisacsh
856 4 0 _uhttp://search.ebscohost.com/login.aspx?direct=true&scope=site&db=e011xww&AN=1083787
999 _c11171
_d11171